Statistics for The Most Christian Countries in Asia

Click here to take the quiz!

General Stats

  • This quiz has been taken 411 times
  • The average score is 12 of 16

Answer Stats

Country% Correct
India
94%
China
93%
Philippines
93%
South Korea
91%
Indonesia
89%
Japan
88%
Georgia
85%
Armenia
84%
Vietnam
78%
Kazakhstan
74%
Singapore
72%
East Timor
71%
Lebanon
70%
Myanmar
60%
Cyprus
59%
Kuwait
29%

Score Distribution

Percentile by Number Answered

Percent of People with Each Score

Your Score History

You have not taken this quiz